| 000 | 00840nam a2200205 a 4500 | ||
|---|---|---|---|
| 999 |
_c5942 _d5942 |
||
| 001 | 5942 | ||
| 003 | CDMR | ||
| 005 | 20231023142750.0 | ||
| 008 | 130220s2009||||||||||||||||||||||||||||d | ||
| 040 |
_aCDMR _bcat _cCDMR |
||
| 100 | 1 |
_aSalgado de Dios, Francesc _92956 |
|
| 245 | 1 | 3 |
_aLa construcció de la identitat periodística de Manuel Vázquez Montalbán _b: de la censura a la transició (1960-1978) [recurs electrònic] / _cJ. Francesc Salgado de Dios ; director: Jaume Guillamet Lloveras |
| 260 | _c2009 | ||
| 300 | _a1 recurs electrònic (475 p.) | ||
| 505 | _aTesi doctoral llegida a la Universitat Pompeu Fabra el 2009 | ||
| 600 | 1 |
_9766 _aVázquez Montalbán, Manuel _xCrítica i interpretació |
|
| 700 | 1 |
_9417 _aGuillamet, Jaume |
|
| 856 | 4 | 0 |
_uhttp://www.tdx.cat/handle/10803/7261 _yDisponible en línia (TDX) |
| 942 |
_cTSN _2udc |
||